000 00792nam a2200229Ia 4500
999 _c55411
_d55411
001 22492
003 GE_BSU
005 20190510144751.0
008 181216s||||||||xx |||||||||||||| ||und||
040 _cGE_BSU
245 _aВестник Древней истории №1 том 78 Январь-Февраль-Март 2018
245 _bJournal of ancient history
245 _cГл. ред. А.И.Иванчук и др.
260 _aМосква
260 _c2018
300 _a192 стр. 24 см.
653 _aВестник Древней истории №1 том 78 Январь-Февраль-Март 2018
653 _aПериодика
653 _aპერიოდიკა
700 _aИванчик А.И.
_eГл.редактор
_9951
942 _cCR
_2udc